[Event "37. Copenhagen Open (Politiken Cup)"]
[Site "Elsinore"]
[Date "2015.07.31"]
[Round "8"]
[White "Vehl, Tina"]
[Black "Skovgaard, Andreas"]
[Result "1-0"]
[WhiteElo "1851"]
[BlackElo "1649"]
[PlyCount "67"]
[EventDate "2015.07.25"]
[EventType "swiss"]
[EventRounds "10"]
[EventCountry "DEN"]
[Source "ChessBase"]
[SourceDate "2015.09.14"]

1. d4 d5 2. c4 e6 3. Nf3 c6 4. e3 Bd6 5. b3 f5 6. Bb2 Nf6 7. Bd3 O-O 8. Nbd2
Ne4 9. Ne5 Bb4 10. Bxe4 fxe4 11. O-O Nd7 12. f4 Qa5 13. Nb1 Nxe5 14. dxe5 Bc5
15. Qe2 b5 16. cxd5 cxd5 17. Kh1 b4 18. Rd1 Ba6 19. Qe1 Rac8 20. a3 Qb6 21.
axb4 Bxb4 22. Nc3 Bxc3 23. Bxc3 Bd3 24. Bd4 Qxb3 25. Rxa7 Ra8 26. Rda1 Rxa7 27.
Rxa7 Rb8 28. h3 Qb1 29. Qxb1 Rxb1+ 30. Kh2 Rc1 31. f5 Rc6 32. g4 h5 33. Kg3 Rc8
34. Kf4 1-0

[Event "37. Copenhagen Open (Politiken Cup)"]
[Site "Elsinore"]
[Date "2015.07.31"]
[Round "8"]
[White "Verstraeten, Reinaert"]
[Black "Bjerre, Jonas Buhl"]
[Result "1/2-1/2"]
[WhiteElo "2312"]
[BlackElo "2083"]
[PlyCount "46"]
[EventDate "2015.07.25"]
[EventType "swiss"]
[EventRounds "10"]
[EventCountry "DEN"]
[Source "ChessBase"]
[SourceDate "2015.09.14"]

1. Nf3 d5 2. d4 Nf6 3. c4 dxc4 4. e3 e6 5. Bxc4 c5 6. O-O a6 7. dxc5 Bxc5 8.
Qxd8+ Kxd8 9. b3 Ke7 10. Bb2 Nbd7 11. Nd4 b5 12. Be2 Bb7 13. a4 bxa4 14. Rxa4
Nb6 15. Ra2 Rhc8 16. Na3 a5 17. Nac2 Bd5 18. Bf3 a4 19. Bxd5 Nfxd5 20. bxa4
Rxa4 21. Rfa1 Rxa2 22. Rxa2 Nc4 23. g3 Nxb2 1/2-1/2

[Event "37. Copenhagen Open (Politiken Cup)"]
[Site "Elsinore"]
[Date "2015.07.31"]
[Round "8"]
[White "Vesterli, Michael E"]
[Black "Sande, Odmund"]
[Result "1-0"]
[WhiteElo "2067"]
[BlackElo "1898"]
[PlyCount "61"]
[EventDate "2015.07.25"]
[EventType "swiss"]
[EventRounds "10"]
[EventCountry "DEN"]
[Source "ChessBase"]
[SourceDate "2015.09.14"]

1. d4 f5 2. c4 Nf6 3. Nc3 e6 4. Nf3 d5 5. Bf4 c6 6. e3 Be7 7. Qc2 O-O 8. Bd3
Ne4 9. g4 Nd7 10. gxf5 exf5 11. cxd5 cxd5 12. Nxd5 Qa5+ 13. Ke2 Bd6 14. Bxd6
Nxd6 15. Qb3 Kh8 16. Ng5 Nf6 17. Nxf6 Rxf6 18. Rac1 b6 19. Rc7 h6 20. Nf3 Be6
21. Qc2 Qxa2 22. Ne5 Bd5 23. Rg1 Rg8 24. Ng6+ Kh7 25. Ne7 Bb3 26. Nxg8 Bxc2 27.
Nxf6+ Kh8 28. Rgxg7 Bxd3+ 29. Kxd3 Qb3+ 30. Ke2 Qb5+ 31. Kf3 1-0

[Event "37. Copenhagen Open (Politiken Cup)"]
[Site "Elsinore"]
[Date "2015.07.31"]
[Round "8"]
[White "Videbaek, Kurt"]
[Black "Hinrichs, Kurt"]
[Result "1/2-1/2"]
[WhiteElo "1563"]
[BlackElo "1268"]
[PlyCount "40"]
[EventDate "2015.07.25"]
[EventType "swiss"]
[EventRounds "10"]
[EventCountry "DEN"]
[Source "ChessBase"]
[SourceDate "2015.09.14"]

1. Nf3 d5 2. d4 Nf6 3. b3 Nc6 4. Bb2 g6 5. e3 Bg7 6. Bb5 Bd7 7. O-O O-O 8. Nbd2
Re8 9. Bxc6 Bxc6 10. Ne5 Ne4 11. Nxc6 bxc6 12. Nf3 Rb8 13. Qe2 Rb6 14. c4 c5
15. dxc5 Nxc5 16. Bxg7 Kxg7 17. Rfd1 e6 18. Rac1 Ne4 19. cxd5 exd5 20. Qb2+ Nf6
1/2-1/2

[Event "37. Copenhagen Open (Politiken Cup)"]
[Site "Elsinore"]
[Date "2015.07.31"]
[Round "8"]
[White "Vovk, Oksana"]
[Black "Smith, Thijmen"]
[Result "0-1"]
[WhiteElo "2127"]
[BlackElo "2252"]
[PlyCount "88"]
[EventDate "2015.07.25"]
[EventType "swiss"]
[EventRounds "10"]
[EventCountry "DEN"]
[Source "ChessBase"]
[SourceDate "2015.09.14"]

1. d4 d5 2. c4 e6 3. Nc3 Nf6 4. Nf3 c5 5. cxd5 Nxd5 6. e4 Nxc3 7. bxc3 cxd4 8.
cxd4 Bb4+ 9. Bd2 Bxd2+ 10. Qxd2 O-O 11. Bd3 Nc6 12. Bc2 b6 13. O-O Bb7 14. Rfd1
Qe7 15. Rac1 Rfd8 16. Qe3 Rac8 17. Bb1 Na5 18. h3 Nc4 19. Qb3 Nd6 20. Qa3 Ba8
21. Rxc8 Nxc8 22. Qd3 Qb4 23. e5 g6 24. Ng5 Ne7 25. g4 Qa4 26. Bc2 Qxa2 27. Bb3
Qa5 28. Nxe6 fxe6 29. Bxe6+ Kg7 30. Qc2 Rxd4 31. Rxd4 Qe1+ 32. Kh2 Qh1+ 33. Kg3
Qf3+ 34. Kh4 g5+ 35. Kxg5 h6+ 36. Kh4 Ng6+ 37. Qxg6+ Kxg6 38. Bf5+ Kf7 39. Rd7+
Ke8 40. Rxa7 Be4 41. Bd7+ Kd8 42. e6 Qxf2+ 43. Kh5 Qf6 44. h4 Qg6# 0-1

[Event "37. Copenhagen Open (Politiken Cup)"]
[Site "Elsinore"]
[Date "2015.07.31"]
[Round "8"]
[White "Vuilleumier, Alexandre"]
[Black "Ramsdal, Jens Albert"]
[Result "1/2-1/2"]
[WhiteElo "2357"]
[BlackElo "2169"]
[PlyCount "112"]
[EventDate "2015.07.25"]
[EventType "swiss"]
[EventRounds "10"]
[EventCountry "DEN"]
[Source "ChessBase"]
[SourceDate "2015.09.14"]

1. Nf3 c5 2. c4 Nf6 3. g3 g6 4. Bg2 Bg7 5. O-O O-O 6. Nc3 Nc6 7. d4 cxd4 8.
Nxd4 Nxd4 9. Qxd4 d6 10. Qd3 Rb8 11. Rd1 Be6 12. Nd5 Nxd5 13. cxd5 Bf5 14. Be4
Bxe4 15. Qxe4 Qd7 16. Rb1 Rfc8 17. Be3 b6 18. b4 Rc7 19. Rdc1 Rbc8 20. Rxc7
Rxc7 21. b5 Qf5 22. Qxf5 gxf5 23. a4 Rc4 24. Rc1 Rxc1+ 25. Bxc1 Bd4 26. e3 Bc5
27. Bb2 e5 28. Bc3 Kg7 29. Kg2 Kg6 30. Kf3 Kg5 31. a5 Kg6 32. a6 Kg5 33. Be1 f6
34. e4 fxe4+ 35. Kxe4 f5+ 36. Kf3 Kf6 37. Ke2 Bd4 38. Bb4 Bc5 39. Bd2 Kg6 40.
f3 Kh5 41. Kd3 Kg6 42. g4 e4+ 43. Ke2 exf3+ 44. Kxf3 fxg4+ 45. Kxg4 h5+ 46. Kf4
Bd4 47. Ke4 Bf6 48. Bf4 Be7 49. h4 Kf7 50. Kf5 Bxh4 51. Bxd6 Bd8 52. Bb8 Ke7
53. Kg5 Kd7+ 54. Kxh5 Bc7 55. Bxa7 Kd6 56. Bxb6 Bxb6 1/2-1/2

[Event "37. Copenhagen Open (Politiken Cup)"]
[Site "Elsinore"]
[Date "2015.07.31"]
[Round "8"]
[White "Wadstensvik, Petter Andreas"]
[Black "Tryggestad, Linnea Garberg"]
[Result "1-0"]
[WhiteElo "1658"]
[BlackElo "1422"]
[PlyCount "45"]
[EventDate "2015.07.25"]
[EventType "swiss"]
[EventRounds "10"]
[EventCountry "DEN"]
[Source "ChessBase"]
[SourceDate "2015.09.14"]

1. d4 Nf6 2. Nf3 g6 3. Bf4 Bg7 4. e3 d5 5. Bd3 O-O 6. Nbd2 Nbd7 7. c3 c5 8. Qc2
c4 9. Be2 Nb6 10. b3 Bf5 11. Qb2 cxb3 12. axb3 Nh5 13. Bg3 Nxg3 14. hxg3 a6 15.
Nh4 Bd7 16. Ndf3 Rc8 17. Rc1 Rc7 18. Ng5 f6 19. Nxh7 Kxh7 20. Qc2 f5 21. Nxf5+
Kg8 22. Nh6+ Kh7 23. Nf7+ 1-0

[Event "37. Copenhagen Open (Politiken Cup)"]
[Site "Elsinore"]
[Date "2015.07.31"]
[Round "8"]
[White "Winfridsson, Hakan"]
[Black "Tryggestad, Andreas Garberg"]
[Result "1/2-1/2"]
[WhiteElo "2038"]
[BlackElo "2204"]
[PlyCount "98"]
[EventDate "2015.07.25"]
[EventType "swiss"]
[EventRounds "10"]
[EventCountry "DEN"]
[Source "ChessBase"]
[SourceDate "2015.09.14"]

1. e4 c5 2. Nf3 e6 3. d4 cxd4 4. Nxd4 a6 5. Nc3 Qc7 6. Bd3 Nf6 7. Qe2 d6 8. g4
Nc6 9. Nb3 Be7 10. Be3 b5 11. O-O-O Bb7 12. f3 O-O 13. h4 Nd7 14. g5 Nc5 15. f4
b4 16. Nxc5 bxc3 17. Nxb7 cxb2+ 18. Kb1 Qxb7 19. f5 exf5 20. exf5 Rfe8 21. f6
Bf8 22. g6 Ne5 23. gxf7+ Qxf7 24. fxg7 Bxg7 25. Rhg1 Kh8 26. Bd4 Qe6 27. Qe4
Qh6 28. Rg5 Rg8 29. Rdg1 Bf6 30. Rxg8+ Rxg8 31. Rxg8+ Kxg8 32. Qd5+ Kg7 33.
Bxb2 Nxd3 34. Bxf6+ Qxf6 35. Qxd3 a5 36. Qg3+ Kh6 37. Qg4 Qe5 38. a4 Qf6 39.
Ka2 Qg6 40. Qf4+ Kh5 41. Kb3 h6 42. c3 Qd3 43. Qf6 d5 44. Qf7+ Kxh4 45. Qf6+
Kh5 46. Qf7+ Kg5 47. Qe7+ Kh5 48. Qf7+ Kg5 49. Qe7+ Kh5 1/2-1/2

[Event "37. Copenhagen Open (Politiken Cup)"]
[Site "Elsinore"]
[Date "2015.07.31"]
[Round "8"]
[White "Zakariassen, Tom"]
[Black "Shehzad, Shazil"]
[Result "1-0"]
[WhiteElo "1798"]
[BlackElo "1479"]
[PlyCount "35"]
[EventDate "2015.07.25"]
[EventType "swiss"]
[EventRounds "10"]
[EventCountry "DEN"]
[Source "ChessBase"]
[SourceDate "2015.09.14"]

1. f4 c5 2. Nf3 Nc6 3. e3 e6 4. d4 d5 5. c3 Bd6 6. Bd3 Nf6 7. O-O O-O 8. Ne5 h6
9. Nd2 a6 10. e4 Nxe4 11. Nxe4 dxe4 12. Nxc6 bxc6 13. Bxe4 Bb7 14. Be3 Qb6 15.
f5 Qxb2 16. Qg4 Rfb8 17. Bxh6 Bf8 18. Bxg7 1-0

[Event "37. Copenhagen Open (Politiken Cup)"]
[Site "Elsinore"]
[Date "2015.07.31"]
[Round "8"]
[White "Zude, Erik"]
[Black "Haugli, Petter"]
[Result "1-0"]
[WhiteElo "2398"]
[BlackElo "2247"]
[PlyCount "67"]
[EventDate "2015.07.25"]
[EventType "swiss"]
[EventRounds "10"]
[EventCountry "DEN"]
[Source "ChessBase"]
[SourceDate "2015.09.14"]

1. e4 e6 2. d4 d5 3. Nc3 dxe4 4. Nxe4 Nd7 5. Nf3 Ngf6 6. Bd3 c5 7. O-O Nxe4 8.
Bxe4 Nf6 9. Bg5 cxd4 10. Nxd4 Be7 11. Bf3 O-O 12. Qd3 h6 13. Bh4 Qb6 14. Rfd1
Rd8 15. c3 Qxb2 16. a4 Qb6 17. a5 Qc5 18. a6 Rb8 19. Bg3 e5 20. Qe2 bxa6 21.
Qxe5 Qxe5 22. Bxe5 Rb2 23. h3 Bb7 24. Bxb7 Rxb7 25. Rxa6 Ne4 26. Rda1 Bc5 27.
Re1 Nxc3 28. Nf5 Rd2 29. Kh2 Rxf2 30. Bxg7 Rxf5 31. Bxc3 Bb6 32. Re8+ Kh7 33.
Rh8+ Kg6 34. Rg8+ 1-0

[Event "37. Copenhagen Open (Politiken Cup)"]
[Site "Elsinore"]
[Date "2015.08.01"]
[Round "9"]
[White "Aabling Thomsen, Jakob"]
[Black "Nordenbaek, Jan"]
[Result "1/2-1/2"]
[WhiteElo "2333"]
[BlackElo "2134"]
[PlyCount "66"]
[EventDate "2015.07.25"]
[EventType "swiss"]
[EventRounds "10"]
[EventCountry "DEN"]
[Source "ChessBase"]
[SourceDate "2015.09.14"]

1. e4 c5 2. Nc3 Nc6 3. Bb5 Nd4 4. Bc4 g6 5. Nf3 Bg7 6. Nxd4 cxd4 7. Qf3 d5 8.
Nxd5 Nf6 9. Nxf6+ exf6 10. Qa3 Bd7 11. O-O Qc7 12. Bd5 Bf8 13. Qb3 Bc6 14. Qc4
Bd6 15. h3 Bxd5 16. Qxd5 O-O-O 17. Kh1 Bf4 18. Qb3 d3 19. Qc3 Be5 20. Qxc7+
Bxc7 21. cxd3 Rxd3 22. b3 Re8 23. Bb2 Rxe4 24. Bxf6 Rxd2 25. Bg5 Rc2 26. Be3
Re6 27. Kg1 Bb6 28. Rfc1 Rec6 29. Rxc2 Rxc2 30. Rc1 Rxc1+ 31. Bxc1 Kd7 32. Kf1
Ke6 33. Ke2 Kd5 1/2-1/2

[Event "37. Copenhagen Open (Politiken Cup)"]
[Site "Elsinore"]
[Date "2015.08.01"]
[Round "9"]
[White "Aagaard, Jacob"]
[Black "Louis, Thibault"]
[Result "1-0"]
[WhiteElo "2506"]
[BlackElo "2250"]
[PlyCount "81"]
[EventDate "2015.07.25"]
[EventType "swiss"]
[EventRounds "10"]
[EventCountry "DEN"]
[Source "ChessBase"]
[SourceDate "2015.09.14"]

1. e4 e6 2. d4 d5 3. Nd2 Nc6 4. Ngf3 Nf6 5. e5 Nd7 6. Nb3 a5 7. a4 b6 8. Bf4
Be7 9. h4 f6 10. Bb5 Na7 11. Bd3 c5 12. c4 cxd4 13. exf6 Nxf6 14. Nbxd4 O-O 15.
O-O Ne4 16. g3 Bd6 17. Bxd6 Qxd6 18. Bxe4 dxe4 19. Ng5 h6 20. Nxe4 Qe5 21. Re1
Bb7 22. f4 Qb8 23. Nxe6 Rf7 24. Qg4 Bxe4 25. Rxe4 Qd6 26. Rae1 Nc6 27. f5 Qe7
28. Nf4 Qc5+ 29. Kg2 Qxf5 30. Re8+ Rxe8 31. Rxe8+ Kh7 32. Qxf5+ Rxf5 33. Re6
Ne5 34. b3 g5 35. hxg5 hxg5 36. Nd5 Nd3 37. Rxb6 Rf2+ 38. Kh3 Ne5 39. Nf6+ Kg7
40. Ng4 Nd7 41. Rb5 1-0

[Event "37. Copenhagen Open (Politiken Cup)"]
[Site "Elsinore"]
[Date "2015.08.01"]
[Round "9"]
[White "Agovic, Sejfo"]
[Black "Henningsen, Lasse"]
[Result "0-1"]
[WhiteElo "1699"]
[BlackElo "1960"]
[PlyCount "86"]
[EventDate "2015.07.25"]
[EventType "swiss"]
[EventRounds "10"]
[EventCountry "DEN"]
[Source "ChessBase"]
[SourceDate "2015.09.14"]

1. e4 e5 2. Nf3 Nc6 3. Bc4 Nf6 4. d4 exd4 5. e5 d5 6. Bb5 Ne4 7. Bxc6+ bxc6 8.
O-O c5 9. c3 dxc3 10. bxc3 Be7 11. Nbd2 Nxc3 12. Qe1 Ba6 13. Bb2 Ne2+ 14. Kh1
Nf4 15. Rg1 Nd3 16. Qe2 Qc8 17. Ba3 Nf4 18. Qe3 Ne6 19. Rac1 O-O 20. Rgd1 Qe8
21. Nf1 d4 22. Qd2 Qa4 23. Bb2 Rab8 24. Ba1 Rfd8 25. Ng3 c4 26. Nf5 Bf8 27. Ng5
c3 28. Qe1 Nxg5 29. f4 Ne6 30. Qg3 Kh8 31. Qh3 Qxa2 32. Qh4 Bb7 33. Rg1 Qd2 34.
Rcf1 c2 35. Bb2 Be4 36. Bc1 Qd3 37. Ne7 Bxe7 38. Qxe7 Qe2 39. f5 Bxg2+ 40. Rxg2
Qxf1+ 41. Rg1 Qf3+ 42. Rg2 Rb1 43. Qa3 Qxa3 0-1

[Event "37. Copenhagen Open (Politiken Cup)"]
[Site "Elsinore"]
[Date "2015.08.01"]
[Round "9"]
[White "Alfven, Jorgen"]
[Black "Johannesen, Lars Peter Meldgaar"]
[Result "1-0"]
[WhiteElo "1932"]
[BlackElo "1718"]
[PlyCount "97"]
[EventDate "2015.07.25"]
[EventType "swiss"]
[EventRounds "10"]
[EventCountry "DEN"]
[Source "ChessBase"]
[SourceDate "2015.09.14"]

1. d4 d5 2. c4 c6 3. Nf3 e6 4. Nc3 Nf6 5. Bg5 Nbd7 6. cxd5 exd5 7. e3 Qc7 8.
Bd3 Bd6 9. Rc1 a6 10. Bh4 O-O 11. Bg3 Re8 12. Bxd6 Qxd6 13. O-O Ne4 14. Qc2 h6
15. Nxe4 dxe4 16. Bxe4 Nf6 17. Bd3 Ng4 18. h3 Nf6 19. Ne5 Nd5 20. a3 f6 21.
Bh7+ Kf8 22. Ng6+ Kf7 23. Nh4 Ne7 24. Bd3 Be6 25. Qe2 g5 26. Qh5+ Kg7 27. Nf3
Qd7 28. Nd2 g4 29. hxg4 Bxg4 30. Qh4 f5 31. f3 Ng6 32. Qf2 Bh5 33. Rc5 Ne7 34.
Qg3+ Kh7 35. Re5 Rf8 36. Qh3 Bg6 37. f4 Rad8 38. Nf3 Kg7 39. Nh4 Bh7 40. Kf2
Rf6 41. Nf3 Kh8 42. Rh1 Rg8 43. Bc4 Rg4 44. Ng5 Bg8 45. Be2 Ng6 46. Qxh6+ Bh7
47. Re8+ Rf8 48. Rxf8+ Nxf8 49. Qxf8# 1-0

[Event "37. Copenhagen Open (Politiken Cup)"]
[Site "Elsinore"]
[Date "2015.08.01"]
[Round "9"]
[White "Alquist, Erik"]
[Black "Berntsen Oybo, August"]
[Result "1-0"]
[WhiteElo "2061"]
[BlackElo "1777"]
[PlyCount "101"]
[EventDate "2015.07.25"]
[EventType "swiss"]
[EventRounds "10"]
[EventCountry "DEN"]
[Source "ChessBase"]
[SourceDate "2015.09.14"]

1. e4 c5 2. Nf3 Nc6 3. d4 cxd4 4. Nxd4 Nf6 5. Nc3 e5 6. Ndb5 d6 7. Bg5 a6 8.
Na3 b5 9. Nd5 Be7 10. Bxf6 Bxf6 11. c4 b4 12. Nc2 a5 13. g3 Bg5 14. h4 Be7 15.
Bh3 Bxh3 16. Rxh3 O-O 17. Qd3 Rb8 18. O-O-O a4 19. Nce3 b3 20. a3 Nd4 21. Kb1
Re8 22. f4 Bf8 23. f5 Rc8 24. g4 Qa5 25. g5 Qa6 26. Rc1 Rc5 27. h5 Rec8 28. f6
Nc2 29. fxg7 Kxg7 30. Rf1 Nxe3 31. Nxe3 R8c7 32. Rhf3 Qc6 33. g6 hxg6 34. hxg6
fxg6 35. Rxf8 Rxc4 36. Nxc4 Qxc4 37. Qxc4 Rxc4 38. R8f7+ Kh6 39. R7f6 Kg5 40.
Rxd6 Rxe4 41. Rg1+ Kf5 42. Rdxg6 Re2 43. R6g2 Re3 44. Kc1 Rd3 45. Rf1+ Ke6 46.
Rg4 Re3 47. Rxa4 Kd5 48. Kd2 Rh3 49. Re1 Rh2+ 50. Re2 Rh5 51. Rb4 1-0

[Event "37. Copenhagen Open (Politiken Cup)"]
[Site "Elsinore"]
[Date "2015.08.01"]
[Round "9"]
[White "Andersen, Daniel"]
[Black "Vesterli, Michael E"]
[Result "0-1"]
[WhiteElo "1766"]
[BlackElo "2067"]
[PlyCount "38"]
[EventDate "2015.07.25"]
[EventType "swiss"]
[EventRounds "10"]
[EventCountry "DEN"]
[Source "ChessBase"]
[SourceDate "2015.09.14"]

1. c4 Nf6 2. Nc3 g6 3. e4 d6 4. d4 Bg7 5. f3 O-O 6. Be3 c5 7. dxc5 dxc5 8. Qxd8
Rxd8 9. Bxc5 Nc6 10. Be3 Nb4 11. Rc1 Be6 12. b3 Ne8 13. Nd5 Bxd5 14. cxd5 Nxa2
15. Rc2 Nb4 16. Rc4 a5 17. Nh3 b5 18. Rc5 a4 19. Rxb5 a3 0-1

[Event "37. Copenhagen Open (Politiken Cup)"]
[Site "Elsinore"]
[Date "2015.08.01"]
[Round "9"]
[White "Andersen, Torben Bodskov"]
[Black "Verstraeten, Reinaert"]
[Result "0-1"]
[WhiteElo "2106"]
[BlackElo "2312"]
[PlyCount "110"]
[EventDate "2015.07.25"]
[EventType "swiss"]
[EventRounds "10"]
[EventCountry "DEN"]
[Source "ChessBase"]
[SourceDate "2015.09.14"]

1. e4 c5 2. Nf3 d6 3. c3 Nf6 4. Be2 Bd7 5. d3 g6 6. O-O Bg7 7. Re1 O-O 8. Nbd2
Nc6 9. Bf1 Rc8 10. a4 a6 11. Nc4 b5 12. axb5 axb5 13. Ne3 h6 14. Qc2 Be6 15. c4
bxc4 16. dxc4 Ng4 17. Nd5 Nd4 18. Nxd4 Bxd4 19. Be3 Nxe3 20. fxe3 Be5 21. Ra7
Bd7 22. Rea1 Rb8 23. R1a2 e6 24. Nf4 Bc6 25. Bd3 Qf6 26. Rc7 Rb6 27. Qf2 Rfb8
28. Nh3 Be8 29. Qxf6 Bxf6 30. Nf4 Bxb2 31. Raa7 Bf6 32. e5 Bd8 33. Nxe6 Bxc7
34. Nxc7 dxe5 35. Nd5 Rd6 36. Rc7 Kf8 37. Rxc5 f5 38. e4 Rb3 39. Be2 fxe4 40.
Rc8 e3 41. g3 e4 42. Bf1 Rxd5 43. cxd5 Rb1 44. Kg2 Rb2+ 45. Kh3 e2 46. Bxe2
Rxe2 47. Kg4 Rd2 48. Kf4 Rxd5 49. Kxe4 Ra5 50. h4 Ke7 51. Rc3 Ke6 52. Kf3 Kf6
53. Kg2 Bf7 54. g4 Bd5+ 55. Kg3 Rb5 0-1

[Event "37. Copenhagen Open (Politiken Cup)"]
[Site "Elsinore"]
[Date "2015.08.01"]
[Round "9"]
[White "Andreassen, Mikkel"]
[Black "Andersen, Johnny"]
[Result "1-0"]
[WhiteElo "1954"]
[BlackElo "1795"]
[PlyCount "71"]
[EventDate "2015.07.25"]
[EventType "swiss"]
[EventRounds "10"]
[EventCountry "DEN"]
[Source "ChessBase"]
[SourceDate "2015.09.14"]

1. d4 Nf6 2. c4 c5 3. d5 b5 4. cxb5 a6 5. bxa6 Bxa6 6. Nc3 d6 7. g3 g6 8. Bg2
Bg7 9. Nf3 O-O 10. O-O Nbd7 11. Rb1 Qc7 12. b3 Rfb8 13. Qc2 Nb6 14. Rd1 Ng4 15.
Bb2 Nd7 16. h3 Nge5 17. Nd2 Nb6 18. f4 Ned7 19. Nf3 Bb7 20. Nb5 Qd8 21. Bxg7
Kxg7 22. Nc3 Nf6 23. e4 Nh5 24. Kh2 e6 25. dxe6 fxe6 26. e5 d5 27. Ng5 Qe7 28.
Nb5 Kg8 29. Nd6 Nd7 30. Nxb7 Rxb7 31. Nxe6 Nxf4 32. gxf4 Qh4 33. Bxd5 Rb4 34.
Bxa8 Rxf4 35. Nxf4 Qxf4+ 36. Kh1 1-0

[Event "37. Copenhagen Open (Politiken Cup)"]
[Site "Elsinore"]
[Date "2015.08.01"]
[Round "9"]
[White "Antonsen, Mikkel"]
[Black "Karlsson, Ulf"]
[Result "1-0"]
[WhiteElo "2469"]
[BlackElo "2041"]
[PlyCount "79"]
[EventDate "2015.07.25"]
[EventType "swiss"]
[EventRounds "10"]
[EventCountry "DEN"]
[Source "ChessBase"]
[SourceDate "2015.09.14"]

1. d4 Nf6 2. c4 e5 3. dxe5 Ng4 4. Bf4 Nc6 5. Nf3 Bb4+ 6. Nc3 Qe7 7. Qd5 Bxc3+
8. bxc3 f6 9. exf6 Nxf6 10. Qd3 d6 11. g3 O-O 12. Bg2 Bg4 13. O-O Rae8 14. Rfe1
Kh8 15. Rab1 b6 16. Nd4 Ne5 17. Bxe5 dxe5 18. Nc6 Qe6 19. Nxa7 e4 20. Qe3 Qxc4
21. Nb5 Nd5 22. Qd4 Bxe2 23. Qxc4 Bxc4 24. Bxe4 Rxe4 25. Rxe4 Bxb5 26. Rxb5
Nxc3 27. Rf5 Kg8 28. Rxf8+ Kxf8 29. Rc4 Nd5 30. f4 Ke7 31. Kf2 Kd6 32. a4 c5
33. Kf3 Nf6 34. Rc1 Kd5 35. g4 Kd4 36. Rd1+ Kc4 37. g5 Nd5 38. f5 Ne7 39. Kf4
Nc6 40. f6 1-0

[Event "37. Copenhagen Open (Politiken Cup)"]
[Site "Elsinore"]
[Date "2015.08.01"]
[Round "9"]
[White "Arbeus, Carl Johan"]
[Black "Merkesvik, Amalie Isabel"]
[Result "1-0"]
[WhiteElo "1779"]
[BlackElo "1461"]
[PlyCount "73"]
[EventDate "2015.07.25"]
[EventType "swiss"]
[EventRounds "10"]
[EventCountry "DEN"]
[Source "ChessBase"]
[SourceDate "2015.09.14"]

1. e4 e5 2. d4 exd4 3. c3 dxc3 4. Bc4 Nc6 5. Nf3 d6 6. O-O Nf6 7. Nxc3 Be7 8.
Qb3 O-O 9. Ng5 Ne5 10. Be2 h6 11. f4 Ned7 12. Nf3 Nc5 13. Qc2 c6 14. h3 Qc7 15.
b4 Ncd7 16. Be3 b6 17. Rac1 a6 18. Nd4 Bb7 19. Nf5 Rfe8 20. Bf3 Bf8 21. Rfd1 d5
22. e5 Nxe5 23. fxe5 Qxe5 24. Bd4 Qf4 25. Bxf6 gxf6 26. Rd4 Qe5 27. Rg4+ Kh8
28. Rh4 Bc8 29. Nxh6 Qe3+ 30. Kh1 Bxh6 31. Rf1 Qg5 32. Rh5 Qe3 33. Nd1 Qf4 34.
Be2 Qxb4 35. Rxh6+ Kg7 36. Qh7+ Kf8 37. Rhxf6 1-0

[Event "37. Copenhagen Open (Politiken Cup)"]
[Site "Elsinore"]
[Date "2015.08.01"]
[Round "9"]
[White "Astrom, Lars"]
[Black "Machlik, Jon"]
[Result "1/2-1/2"]
[WhiteElo "2097"]
[BlackElo "1973"]
[PlyCount "99"]
[EventDate "2015.07.25"]
[EventType "swiss"]
[EventRounds "10"]
[EventCountry "DEN"]
[Source "ChessBase"]
[SourceDate "2015.09.14"]

1. c4 c6 2. e4 d5 3. exd5 cxd5 4. d4 Nf6 5. Nc3 Nc6 6. Bg5 Be6 7. a3 g6 8. Bxf6
exf6 9. c5 Bg7 10. Bb5 O-O 11. Nge2 f5 12. O-O Qf6 13. Bxc6 bxc6 14. f4 Bc8 15.
Qd3 Rb8 16. b4 Qe6 17. Rfe1 Bb7 18. Kf2 Rfe8 19. Ng1 Qd7 20. Rxe8+ Rxe8 21. Re1
Ba6 22. Rxe8+ Qxe8 23. Qe3 Qd8 24. Nf3 Kf8 25. g3 Bf6 26. Ne5 Qc7 27. Qe1 Bxe5
28. Qxe5 Qxe5 29. fxe5 Bc4 30. Ke3 g5 31. Kd2 Ke7 32. a4 a6 33. Ke3 f6 34. Nb1
Bb3 35. Nc3 Bc4 36. a5 Ke6 37. exf6 Kxf6 38. Na4 Ke6 39. Kf3 Bb5 40. Nc3 Bc4
41. Ke3 Bb5 42. Nb1 Kf6 43. Nd2 h6 44. Nf3 Ba4 45. Ne5 Bb5 46. Nd7+ Ke7 47. Ne5
Kf6 48. h4 Ba4 49. h5 Bb5 50. g4 1/2-1/2

[Event "37. Copenhagen Open (Politiken Cup)"]
[Site "Elsinore"]
[Date "2015.08.01"]
[Round "9"]
[White "Bach, Matthias"]
[Black "Frisvold, Ole Emil"]
[Result "1-0"]
[WhiteElo "2236"]
[BlackElo "2063"]
[PlyCount "57"]
[EventDate "2015.07.25"]
[EventType "swiss"]
[EventRounds "10"]
[EventCountry "DEN"]
[Source "ChessBase"]
[SourceDate "2015.09.14"]

1. e4 c5 2. a3 g6 3. b4 Bg7 4. Nc3 b6 5. Bc4 e6 6. Rb1 Ne7 7. Bb2 O-O 8. Nf3 d5
9. Ba2 d4 10. Ne2 e5 11. d3 Kh8 12. Bc1 Bd7 13. Ng5 Qe8 14. f4 h6 15. Nf3 exf4
16. Bxf4 f5 17. O-O Bc6 18. Bd6 Nd7 19. Nf4 fxe4 20. Nh4 Be5 21. Nfxg6+ Nxg6
22. Qh5 Rxf1+ 23. Rxf1 Bg7 24. Nxg6+ Kh7 25. Bf7 Qc8 26. Qf5 Nf6 27. Nf8+ Kh8
28. Qh7+ Nxh7 29. Ng6# 1-0

[Event "37. Copenhagen Open (Politiken Cup)"]
[Site "Elsinore"]
[Date "2015.08.01"]
[Round "9"]
[White "Berg Olsen, Sebastian N"]
[Black "Haugaard, Thomas"]
[Result "0-1"]
[WhiteElo "1302"]
[BlackElo "1707"]
[PlyCount "130"]
[EventDate "2015.07.25"]
[EventType "swiss"]
[EventRounds "10"]
[EventCountry "DEN"]
[Source "ChessBase"]
[SourceDate "2015.09.14"]

1. e4 c6 2. d4 d5 3. e5 Bf5 4. Bd3 Bg6 5. Nf3 e6 6. O-O Nh6 7. c3 Be7 8. Qc2
Bxd3 9. Qxd3 Nf5 10. Rd1 g5 11. g4 Ng7 12. Qe3 h6 13. h3 Nd7 14. Nh2 Nf8 15. f4
Qd7 16. Nf3 O-O-O 17. Kh2 gxf4 18. Qxf4 h5 19. g5 Nf5 20. Nh4 Ng6 21. Nxg6 fxg6
22. h4 Rdf8 23. Kh3 Nh6 24. Qg3 Ng4 25. Bf4 Rf5 26. Rf1 Rhf8 27. Nd2 Bd8 28.
Rf3 Qf7 29. Raf1 Bb6 30. Kg2 c5 31. Nb3 cxd4 32. cxd4 Kb8 33. Kh3 a5 34. a3 a4
35. Nc5 Bxc5 36. dxc5 d4 37. Kg2 Qc7 38. Rc1 Qc6 39. Kg1 Qe4 40. Re1 Qc2 41.
Rff1 Qxc5 42. Rc1 Qd5 43. Bd2 Rf2 44. Bb4 Rxf1+ 45. Rxf1 Rxf1+ 46. Kxf1 Nxe5
47. Qf2 Qh1+ 48. Ke2 Qe4+ 49. Kf1 Nf3 50. Bd6+ Ka8 51. Bc5 d3 52. Be3 Qf5 53.
Qg3 d2 54. Qd6 Nd4+ 55. Kg2 Qf3+ 56. Kh2 Qe2+ 57. Kh3 Qxe3+ 58. Kg2 Qf3+ 59.
Kh2 Qe2+ 60. Kg3 d1=Q 61. Qd8+ Ka7 62. Qa5+ Qa6 63. Qc5+ Qb6 64. Qc4 Qf3+ 65.
Kh2 Qxb2+ 0-1